00483 a2200109 4500001001000000005001700010008004100027245020100068100002500269773006200294999001700356ART_5155320260410162028.0260409a 10aSustanciación de la prueba necesaria y de la entrevista personal por modos telemáticos en los procesos relativos al ejercicio de la capacidad jurídica en el marco de la pandemia del COVID-191 aScasserra, Selene I.0 tTemas de derecho procesalg- N° 11 (nov. 2020)wREV44095 c33775d33775